Qué sucedió en la historia / (Record no. 1662)

000 -CABECERA
fixed length control field 01257nam a22002417a 4500
003 - IDENTIFICADOR DEL NÚMERO DE CONTROL
control field AR-CdUCM
008 - DATOS DE LONGITUD FIJA--INFORMACIÓN GENERAL
fixed length control field 190227b ||||| |||| 00| 0 spa d
040 ## - FUENTE DE LA CATALOGACIÓN
Agencia/entidad que catalogó originalmente la obra MUNICIPALIDAD PROVINCIAL DEL CUSCO
Entidad que transcribió la catalogación BIBLIOTECA MUNICIPAL DEL CUSCO
082 ## - NÚMERO DE LA CLASIFICACIÓN DECIMAL DEWEY
No. de la edición 2ed.
No. de Clasificación 901 /
Notacion interna C553
100 ## - ENTRADA PRINCIPAL--NOMBRE DE PERSONA
Nombre Personal Childe, Vere Gordon
245 ## - MENCIÓN DE TÍTULO
Título Qué sucedió en la historia /
260 ## - PUBLICACIÓN, DISTRIBUCIÓN, ETC.
Lugar de publicación, distribución, etc. Buenos Aires :
Nombre de la editorial, distribuidor, etc. Edicines Leviatán,
Fecha de publicación, distribución, etc. 1960.
300 ## - DESCRIPCIÓN FÍSICA
Nº de Páginas Extensión 305 páginas ;
Dimensiones 20 cm.
505 ## - NOTA DE CONTENIDO CON FORMATO
Nota de contenido formateada Contenido: Arqueología e historia -- El salvajismo paleolítico -- La barbarie neolítica -- La barbarie superior de la edad del cobre -- La revolución urbana en la Mesopotamia -- La primitiva civilización de la edad del bronce -- La primitiva edad del hierro -- El gobierno, la religión y la ciencia en la edad del hierro -- El apogeo de la civilización antigua -- Decadencia y derrumbe del mundo antiguo.
650 ## - PUNTO DE ACCESO ADICIONAL DE MATERIA--TÉRMINO DE MATERIA
Descriptor Civilización antigua
9 (RLIN) 1473
650 ## - PUNTO DE ACCESO ADICIONAL DE MATERIA--TÉRMINO DE MATERIA
Descriptor Historia antigua
9 (RLIN) 2710
650 ## - PUNTO DE ACCESO ADICIONAL DE MATERIA--TÉRMINO DE MATERIA
Descriptor Hombre prehistórico
9 (RLIN) 6179
700 ## - PUNTO DE ACCESO ADICIONAL--NOMBRE DE PERSONA
Nombre Personal Weinberg, Gregorio ( estudio preliminar)
9 (RLIN) 6180
700 ## - PUNTO DE ACCESO ADICIONAL--NOMBRE DE PERSONA
Nombre Personal Dukelsky, Elena (traducción)
9 (RLIN) 6181
942 ## - ELEMENTOS DE PUNTO DE ACCESO ADICIONAL (KOHA)
Fuente de clasificación
Tipo de item Libros-BMC
945 ## - PROCESAMIENTO DE INFORMACIÓN LOCAL (OCLC)
Catalogador zta
Holdings
Estado de retiro (separado) Fuente de clasificación o esquema de estanterías Estado dañado Ubicación Sala donde se ubica Nombre de la colección Fecha de adquisición o compra Costo, precio normal en soles Signatura topográfica Código de Barras Última vez visto (Koha) Tipo de ítem (Koha)
No     Sala Humanidades Sala Humanidades Book Cart 2019-02-27 35.00 901 / C553 SH0000001914 2019-02-27 Libros-BMC

Powered by Koha